000 00502nam a2200193Ia 4500
005 20250326124231.0
008 250326s9999 xx 000 0 und d
037 _aTextbook
040 _aFMSL
_beng
_cFMSL
041 _aeng
_2eng
084 _aX:513 K1
_qFMSL
100 _aConstantine M
_9737054
245 0 _aSign language
_cConstantine M; Jacpbson E
250 _aNY
260 _aNY
_bNY, Reinhold
_c1961
300 _a210p
942 _cTB
_hX:513 K1
999 _c1272867
_d1272867